| 000 | 00494cam a2200205ua 4500 | ||
|---|---|---|---|
| 001 | 2556 | ||
| 008 | 110912n ii |||gr||||Z||||||asm | ||
| 040 | _cMAIN | ||
| 082 | _a491.451 | ||
| 100 |
_aSharma, _eAuthor. |
||
| 245 | 1 |
_aAsamiya bhasha tattva _cby Sharma |
|
| 250 | _a3rd. | ||
| 260 |
_aGuahati: _bBani Prakash,989. |
||
| 300 |
_a119p: _c23cm. |
||
| 653 | _aLanguage | ||
| 653 | _aAssamese language | ||
| 653 | _aAsamiya bhasha tattva | ||
| 700 |
_aChoudhuri, _eAuthor. |
||
| 942 | _cBK | ||
| 999 |
_c2409 _d2409 |
||